Indicators of education system / (Record no. 128102)

MARC details
000 -LEADER
fixed length control field 00780nam a22002417a 4500
005 - DATE AND TIME OF LATEST TRANSACTION
control field 20170124110034.0
010 ## - LIBRARY OF CONGRESS CONTROL NUMBER
LC control number A-060573
020 ## - INTERNATIONAL STANDARD BOOK NUMBER
International Standard Book Number 0850384778
Terms of availability 00.00
035 ## - SYSTEM CONTROL NUMBER
System control number A-060573
037 ## - SOURCE OF ACQUISITION
Source of stock number/acquisition Cen Lib/Ret
040 ## - CATALOGING SOURCE
Original cataloging agency DPL
Language of cataloging EN
082 ## - DEWEY DECIMAL CLASSIFICATION NUMBER
Classification number 371.2
Item number JOH
100 ## - MAIN ENTRY--PERSONAL NAME
Personal name Johnstone, James N
9 (RLIN) 102502
245 ## - TITLE STATEMENT
Title Indicators of education system /
Statement of responsibility, etc by James N Johnstone
260 ## - PUBLICATION, DISTRIBUTION, ETC. (IMPRINT)
Place of publication, distribution, etc London
Name of publisher, distributor, etc Kogan Page
Date of publication, distribution, etc 1981
270 ## - ADDRESS
Address 120, Pentonville Road
City London
Postal code N1 9JN
300 ## - PHYSICAL DESCRIPTION
Extent xvii,317p. :
Dimensions 22cm(Hb)
Other physical details ill.
490 ## - SERIES STATEMENT
Series statement International institute for educational planning
500 ## - GENERAL NOTE
General note Includes bibliographical references and index.
650 ## - SUBJECT ADDED ENTRY--TOPICAL TERM
Topical term or geographic name as entry element Social indicators
9 (RLIN) 102503
650 ## - SUBJECT ADDED ENTRY--TOPICAL TERM
Topical term or geographic name as entry element Education--Social aspects
9 (RLIN) 8711
942 ## - ADDED ENTRY ELEMENTS (KOHA)
Source of classification or shelving scheme Dewey Decimal Classification
Koha item type English Books
Classification part 371.2
Call number suffix JOH
Holdings
Withdrawn status Lost status Damaged status Not for loan Home library Current library Date acquired Source of acquisition Cost, normal purchase price Total Checkouts Full call number Barcode Date last seen Copy number Cost, replacement price Price effective from Koha item type Public note
Written off       Central Library Central Library 01/07/2015 Cen Lib/Ret 0.00   371.2 JOH A-060573 01/07/2015 1 0.00 01/07/2015 English Books Written off on approval by DLB (By Circulation); dtd 15-06-2023

© Delhi Public Library
Hit Counter
free hit counter